00493nam a2200145Ia 450000500170000000800410001710000180005824500930007626000140016930000110018365000120019494200080020699900170021495201160023120260328104313.0260328s9999||||xx |||||||||||||| ||und|| aCurrie, Robin 0aWhat Life was Like at the dawn of democracy classical Athens 525-322 BC /cRobin Currie bTime Life a144 p. aATENAS  cREF c11046d11046 001040708REFaGPCbGPCcREFd2026-03-28i5291l0oR 700 C 9368p5291r2026-03-28 15:43:13t1w2026-03-28yBK